00501nam a2200157Ia 45000010006000000050017000060080041000230410008000640820017000721000039000892450162001282600009002903000028002996500008003276540008003352005520260306172738.0260306t2013||||xx |||||||||||||| ||spa|| aESP a342.211bG11 aGabriel Maino, Carlos AlbertoeAUT 0aConcepto y fundamento de los derechos humanos:ba la luz del pensamiento del profesor Francisco Puy, una perspectiva actual desde el iusnaturalismo español c2013 a242 páginas :c24 cm. aGEN aCDE